00477nam a2200121Ia 4500008004100000100003000041245005700071245003700128260000900165856008900174999001900263952007300282160531s9999 xx 000 0 und d aPahlavani, Mohammad Reza. aSelected Topics in Applications of Quantum Mechanics cby Mohammad Reza Pahlavani (ed.) c2015 uhttp://www.intechopen.com/books/selected-topics-in-applications-of-quantum-mechanics c295272d295272 001040aCLbCLd2016-05-31l0r2016-05-31 00:00:00w2016-05-31yCBE